Pandit Sriram Sharma Acharya as I knew him (Record no. 502027)

000 -LEADER
fixed length control field 00390cam a22001337a 4500
008 - FIXED-LENGTH DATA ELEMENTS--GENERAL INFORMATION
fixed length control field 180718b2010 xxu||||| |||| 00| 0 eng d
020 ## - INTERNATIONAL STANDARD BOOK NUMBER
International Standard Book Number 9788191031805
082 ## - DEWEY DECIMAL CLASSIFICATION NUMBER
Classification number A99/Ac44 P195
100 ## - MAIN ENTRY--PERSONAL NAME
Personal name Pant, J. C.
245 ## - TITLE STATEMENT
Title Pandit Sriram Sharma Acharya as I knew him
Statement of responsibility, etc. by J. C. Pant
260 ## - PUBLICATION, DISTRIBUTION, ETC.
Place of publication, distribution, etc. New Delhi
Name of publisher, distributor, etc. REACHA
Date of publication, distribution, etc. 2010
300 ## - PHYSICAL DESCRIPTION
Extent 351p.
650 ## - SUBJECT ADDED ENTRY--TOPICAL TERM
Topical term or geographic name entry element Acharya, Pandit Sriram Sharma -Biography
Holdings
Withdrawn status Lost status Damaged status Not for loan Permanent Location Current Location Date acquired Full call number Barcode Date last seen Price effective from Koha item type
        Indian Institute of Public Administration Indian Institute of Public Administration 2018-08-04 A99/Ac44 P195 GR18530 2018-08-04 2018-08-04 GR

Powered by Koha